Southville International School and Colleges
Your cart is empty.
  • Cart
  • Lists
    Public lists Eva Luna New books Lux_list list_1
    Your lists Log in to create your own lists
  • Log in to your account
  • Your cookies
  • Search history
Southville International School and Colleges
  • Advanced search
  • Recent comments
  • Most popular
  • Libraries

Log in to your account

Log in with GOOGLE


If you do not have an external account, but do have a local account, you can still log in:

  1. Home
  2. MARC view: Precalculus :
Normal view MARC view ISBD view

Precalculus : (Record no. 2169)

[ view plain ]
MARC details
000 -LEADER
fixed length control field 00536nam a22001937a 4500
003 - CONTROL NUMBER IDENTIFIER
control field OSt
005 - DATE AND TIME OF LATEST TRANSACTION
control field 20151201152205.0
008 - FIXED-LENGTH DATA ELEMENTS--GENERAL INFORMATION
fixed length control field 130307t xxu||||| |||| 00| 0 eng d
020 ## - INTERNATIONAL STANDARD BOOK NUMBER
International Standard Book Number 0072368713
050 ## - LIBRARY OF CONGRESS CALL NUMBER
Classification number QA 331 .3
Item number .B261 2003
082 ## - DEWEY DECIMAL CLASSIFICATION NUMBER
Classification number HS 512.1
Item number B26 2003
100 ## - MAIN ENTRY--PERSONAL NAME
Personal name Barnett, Raymond A.
245 ## - TITLE STATEMENT
Title Precalculus :
Remainder of title functions and graphs /
Statement of responsibility, etc Raymond A. Barnett, Michael R. Ziegler, Karl E. Bylean.
260 ## - PUBLICATION, DISTRIBUTION, ETC. (IMPRINT)
Place of publication, distribution, etc Boston
Name of publisher, distributor, etc McGraw Hill
Date of publication, distribution, etc 2003
300 ## - PHYSICAL DESCRIPTION
Extent xxiv
Dimensions 27 cm
562 ## - COPY AND VERSION IDENTIFICATION NOTE
Number of copies 1
942 ## - ADDED ENTRY ELEMENTS (KOHA)
Source of classification or shelving scheme Library of Congress Classification
Koha item type Books
Holdings
Withdrawn status Lost status Source of classification or shelving scheme Damaged status Home library Current library Shelving location Date acquired Total Checkouts Full call number Barcode Date last seen Copy number Price effective from Koha item type
    Library of Congress Classification   Luxembourg Library Luxembourg Library International Baccalaureate Section 03/07/2013   QA 331.3 .B261 2003 IB0093 08/13/2013 1 03/07/2013 Books

Precalculus :

APA

Barnett R. A., . (2003). Precalculus. Boston: McGraw Hill.

Chicago

Barnett Raymond A, . 2003. Precalculus. Boston: McGraw Hill.

Harvard

Barnett R. A., . (2003). Precalculus. Boston: McGraw Hill.

MLA

Barnett Raymond A, . Precalculus. Boston: McGraw Hill. 2003.

  • Place hold
  • Print
  • Cite
  • Add to your cart (remove)
  • Save record
    BIBTEX Dublin Core MARCXML MARC (non-Unicode/MARC-8) MARC (Unicode/UTF-8) MARC (Unicode/UTF-8, Standard) MODS (XML) RIS
  • More searches
    Search for this title in:
    Other Libraries (WorldCat) Other Databases (Google Scholar) Online Stores (Bookfinder.com) Open Library (openlibrary.org)

Exporting to Dublin Core...

SOUTHVILLE LIBRARY

Southville International School and Colleges Library

1281 Tropical Ave. Cor. Luxembourg St., BF Homes International, Las Pinas City

Tel. No. 8256374 / 252358 Loc. 117/146

Powered by Koha